000 00671nam a2200241Ia 4500
003 OSt
005 20220918205029.0
006 a|||||r|||| 00| 0
007 ta
008 220917b |||||||| |||| 00| 0 eng d
024 _a115,159
037 _cTextual
040 _aARTS
_cARTS
_beng
041 _2eng
_aeng
082 _aV58:19.2.N6, L3
100 _aBudhraj Vijay Sen
_9113978
245 0 _aSoviet Russia and the Hindustan subcontinent
260 _aBombay
_bSomaiya
_c1973
300 _axx,296p.
_ccm.
650 _aRUSSIA - FOREIGN RELATIONS
942 _hV58:19.2.N6, L3
_cTEXL
_2CC
999 _c238489
_d238489